Normal view MARC view
  • Supervised by Maj Imtiaz Khokhar

Entry Personal Name

Number of records used in: 1

001 - CONTROL NUMBER

  • control field: 131837

003 - CONTROL NUMBER IDENTIFIER

  • control field: NUST

005 - DATE AND TIME OF LATEST TRANSACTION

  • control field: 20251112144057.0

008 - FIXED-LENGTH DATA ELEMENTS

  • fixed length control field: 251112|| aca||aabn | a|a d

040 ## - CATALOGING SOURCE

  • Original cataloging agency: NUST
  • Transcribing agency: NUST

100 ## - HEADING--PERSONAL NAME

  • Personal name: Supervised by Maj Imtiaz Khokhar

670 ## - SOURCE DATA FOUND

  • Source citation: Work cat.: (NUST)182756: Ashraf , NC Armeen (TCC-11) 131836, Understanding of dual rate coding of speech at 5-3 and 6.3 KBps and its implementation in MATLAB /, 2003
© 2023 Central Library, National University of Sciences and Technology. All Rights Reserved.